| 000 | 00676nam a2200229 a 4500 | ||
|---|---|---|---|
| 005 | 20140310183312.0 | ||
| 008 | 050915s19uu xx 00 eng d | ||
| 020 | _a0071214410 | ||
| 050 |
_aHD 30.22 _b.B729 2004 |
||
| 100 | _aBrickley, James A. | ||
| 245 |
_aManagerial economics and organizational architecture / _cJames A. Brickley |
||
| 250 | _a3rd ed. | ||
| 260 |
_aBoston : _bIrwin McGraw-Hill, _c2004. |
||
| 300 |
_a678 p. : _bcol. ill. ; _c26 cm. |
||
| 521 | _aBSBA | ||
| 650 | _aManagerial economics. | ||
| 650 | _aOrganizational effectiveness. | ||
| 700 | _aSmith, Clifford W. | ||
| 700 | _aZimmerman, Jerold L. | ||
| 942 |
_cBK _2lcc _kFOR |
||
| 999 |
_c21182 _d21182 |
||